Cuatro Babys - Maluma, Trap Capos, Noriel, Bryant Myers, Juhn - Estadísticas

Estadísticas generales
  • Esta prueba ha sido intentada 94 veces
  • La puntuación promedio es 482 de 634
Estadísticas de respuestas
Letra % Correcto
A
100%
a
100%
e
100%
E
100%
en
100%
En
100%
la
100%
La
100%
babie
98%
de
98%
De
98%
98%
enamora
98%
Estoy
98%
estoy
98%
si
98%
cuatro
96%
Cuatro
96%
lo
96%
Me
96%
me
96%
96%
se
96%
Se
96%
Y
96%
y
96%
o
94%
no
92%
No
92%
qué
92%
que
92%
Que
92%
un
90%
yo
90%
Yo
90%
desespera
88%
el
88%
El
88%
enamorao
88%
ha
88%
le
88%
Le
88%
Siempre
88%
siempre
88%
cuando
86%
Do
86%
do
86%
primera
86%
una
86%
84%
con
82%
segunda
82%
Chingan
80%
chingan
80%
hecho
80%
otra
80%
pero
80%
Pero
80%
quiere
80%
soltera
80%
tercera
80%
babies
78%
digo
78%
funda
78%
llamo
78%
pa
78%
quiero
78%
tiene
78%
casa
76%
dan
76%
hunda
76%
ni
76%
quita
76%
casadas
75%
encojona
75%
estré
75%
hacer
75%
Hay
75%
toda
75%
tre
75%
ve
75%
afuera
73%
bien
73%
cama
73%
conmigo
73%
cuál
73%
medio
73%
Ninguna
73%
ninguna
73%
quedarme
73%
sexo
73%
son
73%
tienen
73%
Todas
73%
Dos
71%
dos
71%
echamo
71%
maltratarme
71%
Ya
71%
ya
71%
Maluma
69%
saben
69%
como
67%
corrido
67%
ella
67%
bajo
65%
quieren
65%
Quieren
65%
chingar
63%
despué
63%
lío
63%
luna
63%
nunca
63%
paga
63%
Polvo
63%
veinticuatro
63%
metío
61%
mi
61%
ponen
61%
encanta
59%
gorra
59%
Lakers
59%
enzorra
57%
fallo
57%
hacen
55%
por
55%
cien
53%
las
53%
53%
billete
51%
busco
51%
confundío
51%
maman
51%
al
49%
dice
49%
psycho
49%
toa
49%
Toa
49%
darle
47%
encima
47%
pongo
47%
va
47%
borra
45%
del
45%
gafa
45%
les
45%
mente
45%
pie
45%
san
45%
Valentín
45%
mujer
43%
pelo
43%
cuenta
41%
ere
41%
ese
41%
gritan
41%
oficial
41%
Porque
41%
chichar
39%
chingarme
39%
iguale
39%
número
39%
personalidades
39%
rubio
39%
bonito
37%
coja
37%
completa
37%
dicen
37%
Diferente
37%
hablan
37%
lleve
37%
maldade
37%
marido
37%
nacionalidade
37%
banco
35%
carro
35%
estudio
35%
llega
35%
Mastercard
35%
tengo
35%
Tengo
35%
cara
33%
chimbitas
33%
corto
33%
culote
33%
hasta
33%
pelinegra
33%
aeropuerto
31%
Medallo
31%
monte
31%
papi
31%
patín
31%
preña
31%
reloj
31%
respetan
31%
año
29%
chiquitita
29%
Comprando
29%
llame
29%
moja
29%
nalgona
29%
peliroja
29%
saliendo
29%
vece
29%
vente
29%
zapato
29%
cotorra
27%
salieron
27%
adentro
25%
bebé
25%
chichando
25%
dura
25%
llamar
25%
recoja
25%
están
24%
toas
24%
aborto
22%
bota
22%
ropa
22%
Vestío
22%
baño
20%
Peleamo
20%
entretener
18%
yate
18%
dirty
16%
party
16%
apriete
14%
Cartiel
14%
entiendes
14%
tener
14%
gigante
12%
Nardin
12%
Digan
8%
Osiris
8%
junta
6%
Ulysse
6%
No se encontraron pruebas coincidentes
Distribución de puntuación
Porcentaje de gente con cada puntuación
Porcentaje por número respondido
Historial de tus puntuaciones
No has intentado esta prueba.